000 00972nam a22003017a 4500
003 CHAP
005 20220329140127.0
008 971013s1978 r 00010 d
010 _a47386
011 _a48358
035 _a52503
040 _cCHAP
082 _a580.12
_bV3
100 0 0 _aVan der Maarel, Eddy
_eed.
_9117730
245 _aPlant species and plant communities
_b: proceedings of the International Symposium...
260 _aThe Hague :
_bJunk,
_c1978
300 _a178 p.
_b: ilus. ; gráfs.
590 _aBATCH-UPD
_b10
_c20130110
_lUCH01
_h2001
590 _aBATCH-UPD
_b10
_c20130410
_lUCH01
_h1321
590 _aBATCH-UPD
_b10
_c20130914
_lUCH01
_h0732
590 _aCONVERSION
_b10
_c20130109
_lUCH01
_h1326
650 1 4 _aBotánica
_xClasificación.
_914516
650 1 4 _aEcología vegetal.
_935188
700 0 _aWerger, M. J. A.
_9121491
901 _aBK
942 _cLIBRO
949 _a580.12 V3
_bBC
_cLIBRO
_d33724000519575
_eLIBRO
_h55992
_i52503
_si
_t1.22
999 _c47386
_d47386